Which Enhypen member..? - Statistics

General Stats
  • This quiz has been taken 737 times
  • The average score is 15 of 18
Answer Stats
Question Answer % Correct
Which Enhypen member is from Australia? Jake
99%
Which Enhypen member is the leader? Jungwon
98%
Which Enhypen member used to be a figure skater? Sunghoon
97%
Which Enhypen member is known for his amazing dance skills? Ni-ki
95%
Which Enhypen member loves mint choco? Sunoo
95%
Which Enhypen member is the cute sassy diva of the group? Sunoo
94%
Which Enhypen member has a dog named Layla? Jake
93%
Which Enhypen member is known for playing the guitar? Jay
92%
Which Enhypen member is the ''cat'' of the group? Jungwon
90%
Which Enhypen member is from Okayama? Ni-ki
90%
Which Enhypen member is called an ''Ace''? Heeseung
86%
Which Enhypen member is the 2nd oldest? Jay
85%
Which Enhypen member said ''Hola'' when asked to speak french? Jake
81%
Which Enhypen member often spaces out at the randomest times? Sunghoon
78%
Which Enhypen member likes to microwave strawberries? Ni-ki
73%
Who was the 8th member of Enhypen? Injang
65%
Which Enhypen member likes corn? Jay
56%
Which Enhypen member got 5th place in I-land? Heeseung
37%
No matching quizzes found
Score Distribution
Percent of People with Each Score
Percentile by Number Answered
Your Score History
You have not taken this quiz